[Event "St Petersburg March op"]
[Site "St Petersburg"]
[Date "2009.04.09"]
[Round "9"]
[White "Vunder, Andrei"]
[Black "Kuzmin, Yuri"]
[Result "0-1"]
[WhiteElo "2243"]
[BlackElo "1964"]
[PlyCount "70"]
[EventDate "2009.03.30"]
[EventType "swiss"]
[EventRounds "9"]
[EventCountry "RUS"]
[SourceTitle "EXT 2012"]
[Source "ChessBase"]
[SourceDate "2011.11.24"]
[SourceVersion "1"]
[SourceVersionDate "2011.11.24"]
[SourceQuality "1"]

1. d4 d5 2. c4 c6 3. cxd5 cxd5 4. Nc3 Nf6 5. Nf3 Nc6 6. Bf4 a6 7. Rc1 g6 8. e3 Bg7 9. Be2 0-0 10. 0-0 Nh5 11. Bg5 h6 12. Bh4 g5 13. Nd2 gxh4 14. Bxh5 Bf5 15. Nb3 e6 16. a3 Kh8 17. Bf3 Rg8 18. Na4 Qg5 19. Kh1 e5 20. Rg1 e4 21. Be2 Qf6 22. Nac5 Rab8 23. Qd2 Bf8 24. Na1 Rg7 25. b4 Bd6 26. Nab3 Rbg8 27. Rcf1 Bh3 28. gxh3 Qf5 29. f3 exf3 30. Rxg7 Rxg7 31. Bxf3 Qxh3 32. Qf2 Ne7 33. Rg1 Bxh2 34. Bg2 Bxg1+ 35. Bxh3 Bxf2 0-1

[Event "St Petersburg March op"]
[Site "St Petersburg"]
[Date "2009.04.07"]
[Round "7"]
[White "Khakimov, Timur"]
[Black "Kuzmin, Yuri"]
[Result "0-1"]
[WhiteElo "2291"]
[BlackElo "1964"]
[PlyCount "104"]
[EventDate "2009.03.30"]
[EventType "swiss"]
[EventRounds "9"]
[EventCountry "RUS"]
[SourceTitle "EXT 2012"]
[Source "ChessBase"]
[SourceDate "2011.11.24"]
[SourceVersion "1"]
[SourceVersionDate "2011.11.24"]
[SourceQuality "1"]

1. d4 d5 2. c4 c6 3. cxd5 cxd5 4. Nc3 Nf6 5. Bf4 Nc6 6. Nf3 a6 7. e3 Bg4 8. Be2 e6 9. 0-0 Bd6 10. Bxd6 Qxd6 11. Na4 0-0 12. Rc1 Na5 13. Ne5 Bxe2 14. Qxe2 Rfc8 15. Rc5 b5 16. Rfc1 Nc4 17. Rxc8+ Rxc8 18. b3 bxa4 19. bxc4 dxc4 20. Rxc4 Rxc4 21. Qxc4 a3 22. Qc8+ Qf8 23. Qxa6 h6 24. Qb7 Nd5 25. h3 Nc3 26. Qb3 Nd5 27. Nd3 Qa8 28. Ne5 Qf8 29. e4 Qb4 30. Qc2 Qxd4 31. Qc8+ Kh7 32. Nxf7 Qxe4 33. Qh8+ Kg6 34. Qg8 Kf6 35. Nh8 Qb1+ 36. Kh2 Qb2 37. Qf7+ Ke5 38. Ng6+ Kd4 39. Qxg7+ Kd3 40. Ne5+ Ke4 41. f3+ Kd4 42. Nf7+ Kd3 43. Qg6+ Ke2 44. Qxe6+ Kf1 45. Qa6+ Ke1 46. Qe6+ Kf1 47. Qa6+ Kf2 48. Qa7+ Ne3 49. f4 Qg7 50. Qb7 Qg3+ 51. Kh1 Nxg2 52. Qb6+ Ne3 0-1

[Event "St Petersburg March op"]
[Site "St Petersburg"]
[Date "2009.04.03"]
[Round "5"]
[White "Kopasov, Evgeny Aleksandrovi"]
[Black "Kuzmin, Yuri"]
[Result "0-1"]
[WhiteElo "2074"]
[BlackElo "1964"]
[PlyCount "128"]
[EventDate "2009.03.30"]
[EventType "swiss"]
[EventRounds "9"]
[EventCountry "RUS"]
[SourceTitle "EXT 2012"]
[Source "ChessBase"]
[SourceDate "2011.11.24"]
[SourceVersion "1"]
[SourceVersionDate "2011.11.24"]
[SourceQuality "1"]

1. d4 d5 2. c4 c6 3. cxd5 cxd5 4. Nc3 Nf6 5. Bf4 Nc6 6. e3 a6 7. Bd3 Qb6 8. Nge2 Bg4 9. 0-0 e6 10. h3 Bh5 11. a3 Be7 12. Na4 Qa7 13. Rc1 0-0 14. Nc5 Bg6 15. Bxg6 hxg6 16. Rc3 Na5 17. Ng3 Rfc8 18. Qc2 b6 19. Nd3 Rxc3 20. Qxc3 Nc4 21. Rc1 Rc8 22. Ne5 Nd7 23. Nxd7 Qxd7 24. Ne2 Rc6 25. Qb3 Qc8 26. Rc3 b5 27. a4 Qb7 28. axb5 axb5 29. Rc1 b4 30. Ra1 Ra6 31. Rc1 Qa8 32. Kh2 Ra1 33. Rc2 Rb1 34. e4 Qa1 35. Bc1 Bd6+ 36. g3 Qa8 37. exd5 exd5 38. Qf3 Ra1 39. b3 Nb6 40. Bf4 Bf8 41. Rc7 Ra7 42. Bd6 Rxc7 43. Bxc7 Nd7 44. Nf4 Nf6 45. Nd3 Qc6 46. Be5 Ne4 47. Qd1 g5 48. g4 f6 49. Bg3 Qc3 50. Nc1 Qb2 51. Kg2 Kf7 52. Nd3 Qxd4 53. Qf3 Nd2 54. Qf5 Qe4+ 55. Qxe4 dxe4 56. Nc1 Ke6 57. Bc7 Kd5 58. Bb6 Bd6 59. Be3 Nf3 60. Kf1 Be5 61. Ne2 g6 62. Ng1 Nd4 63. Bxd4 Kxd4 64. Ne2+ Kd3 0-1

[Event "St Petersburg June op"]
[Site "St Petersburg"]
[Date "2008.06.28"]
[Round "8"]
[White "Malinovsky, Ilya"]
[Black "Kuzmin, Yuri"]
[Result "1/2-1/2"]
[WhiteElo "1910"]
[BlackElo "2002"]
[PlyCount "90"]
[EventDate "2008.06.21"]
[EventType "swiss"]
[EventRounds "9"]
[EventCountry "RUS"]
[SourceTitle "CBM 125 Extra"]
[Source "ChessBase"]
[SourceDate "2008.09.01"]
[SourceVersion "1"]
[SourceVersionDate "2008.09.01"]
[SourceQuality "1"]

1. d4 d5 2. c4 c6 3. Nf3 Nf6 4. Nc3 e6 5. cxd5 exd5 6. Qc2 Bd6 7. Bg5 Nbd7 8. e3 0-0 9. Bd3 Qc7 10. 0-0-0 h6 11. Bh4 Re8 12. h3 g5 13. Nxg5 hxg5 14. Bxg5 Kg7 15. g4 Nf8 16. Bxf6+ Kxf6 17. Rdg1 Ke7 18. g5 Kd8 19. h4 Be6 20. Kb1 c5 21. dxc5 Qxc5 22. Bb5 Re7 23. Rc1 Be5 24. Qe2 a6 25. Bd3 Qa5 26. Rhd1 Rd7 27. a3 Bxc3 28. Rxc3 Rc8 29. Rxc8+ Kxc8 30. f4 f5 31. h5 d4 32. Bc4 dxe3 33. Bxe6 Nxe6 34. Qc4+ Kd8 35. Rxd7+ Kxd7 36. Qd3+ Ke7 37. Qxe3 Qc7 38. Qb3 Nxf4 39. g6 Kf6 40. Qg3 Ne6 41. Qg2 Kg7 42. Qd5 Kf6 43. h6 Nf4 44. g7 Nxd5 45. g8Q Qc4 1/2-1/2

[Event "St Petersburg June op"]
[Site "St Petersburg"]
[Date "2008.06.27"]
[Round "7"]
[White "Kuzmin, Yuri"]
[Black "Bazeev, German"]
[Result "0-1"]
[WhiteElo "2002"]
[BlackElo "2134"]
[PlyCount "50"]
[EventDate "2008.06.21"]
[EventType "swiss"]
[EventRounds "9"]
[EventCountry "RUS"]
[SourceTitle "CBM 125 Extra"]
[Source "ChessBase"]
[SourceDate "2008.09.01"]
[SourceVersion "1"]
[SourceVersionDate "2008.09.01"]
[SourceQuality "1"]

1. d4 d5 2. Nf3 c5 3. c3 e6 4. Bg5 Be7 5. Bxe7 Qxe7 6. e3 Nc6 7. Bb5 Bd7 8. Bxc6 Bxc6 9. 0-0 Nf6 10. Nbd2 0-0 11. Ne5 Bb5 12. Re1 Rfc8 13. Rc1 Be8 14. Qe2 a5 15. e4 cxd4 16. cxd4 Qb4 17. exd5 Rxc1 18. Rxc1 Nxd5 19. Nb3 a4 20. Nc5 Qxd4 21. Rc4 Nf4 22. Qe1 Qd5 23. Rxf4 Qxc5 24. Rc4 Qd5 25. h3 f6 0-1

[Event "St Petersburg-ch Seniors"]
[Site "St Petersburg"]
[Date "2007.03.19"]
[Round "1"]
[White "Karasev, Vladimir I"]
[Black "Kuzmin, Yuri"]
[Result "1-0"]
[WhiteElo "2378"]
[BlackElo "1996"]
[PlyCount "71"]
[EventDate "2007.03.19"]
[EventType "swiss"]
[EventRounds "9"]
[EventCountry "RUS"]
[SourceTitle "EXT 2010"]
[Source "ChessBase"]
[SourceDate "2010.11.25"]
[SourceVersion "1"]
[SourceVersionDate "2010.11.25"]
[SourceQuality "1"]

1. c4 e5 2. g3 Nc6 3. Bg2 Nf6 4. Nc3 Be7 5. e3 0-0 6. Nge2 d6 7. d3 Qe8 8. h3 Kh8 9. 0-0 Bd8 10. Rb1 a5 11. a3 Ng8 12. b4 axb4 13. axb4 f5 14. b5 Nce7 15. f4 Nf6 16. c5 exf4 17. cxd6 cxd6 18. Rxf4 Ng6 19. Ra4 Rb8 20. b6 Bd7 21. Rd4 Qe5 22. Nf4 Nxf4 23. gxf4 Qe6 24. Qb3 Qxb3 25. Rxb3 Be7 26. Ba3 Rfe8 27. Kf2 d5 28. Bxe7 Rxe7 29. Nxd5 Nxd5 30. Bxd5 Be6 31. Bxe6 Rxe6 32. Rd7 h5 33. Rb5 g6 34. Kf3 Rc6 35. Rc7 Rd6 36. d4 1-0

[Event "St Petersburg Autumn op"]
[Site "St Petersburg"]
[Date "2006.11.05"]
[Round "6"]
[White "Gantsevich, Aleksei"]
[Black "Kuzmin, Yuri"]
[Result "0-1"]
[WhiteElo "2034"]
[BlackElo "2015"]
[PlyCount "78"]
[EventDate "2006.10.31"]
[EventType "swiss"]
[EventRounds "9"]
[EventCountry "RUS"]
[SourceTitle "EXT 2007"]
[Source "ChessBase"]
[SourceDate "2006.11.23"]
[SourceVersion "1"]
[SourceVersionDate "2006.11.23"]
[SourceQuality "1"]

1. e4 c6 2. d4 d5 3. e5 Bf5 4. Be3 e6 5. Nd2 Nd7 6. Be2 c5 7. c3 cxd4 8. cxd4 Bb4 9. g4 Bg6 10. a3 Be7 11. f4 h5 12. g5 Bf8 13. Ngf3 Ne7 14. Nh4 Rc8 15. Nxg6 fxg6 16. Bd3 Nf5 17. Bxf5 gxf5 18. 0-0 Be7 19. Qa4 a6 20. Rfc1 0-0 21. h4 g6 22. Rc2 Rxc2 23. Qxc2 Nb8 24. Rc1 Nc6 25. Nb3 Qb6 26. Nc5 Bxc5 27. dxc5 Qb5 28. b4 a5 29. Rb1 axb4 30. axb4 Ra8 31. Qc3 Kf7 32. Kf2 Ra2+ 33. Bd2 d4 34. Qc1 Qd3 35. Rb2 Ra3 36. Qh1 Qg3+ 37. Ke2 d3+ 38. Kd1 Ra1+ 39. Bc1 Qxf4 0-1

[Event "St Petersburg Autumn op"]
[Site "St Petersburg"]
[Date "2006.10.31"]
[Round "1"]
[White "Kuzmin, Yuri"]
[Black "Ivkina, Olga"]
[Result "0-1"]
[WhiteElo "2015"]
[BlackElo "2206"]
[PlyCount "66"]
[EventDate "2006.10.31"]
[EventType "swiss"]
[EventRounds "9"]
[EventCountry "RUS"]
[SourceTitle "EXT 2007"]
[Source "ChessBase"]
[SourceDate "2006.11.23"]
[SourceVersion "1"]
[SourceVersionDate "2006.11.23"]
[SourceQuality "1"]

1. d4 Nf6 2. Nf3 d5 3. Bf4 c5 4. c3 Nc6 5. e3 e6 6. Nbd2 Be7 7. Bd3 0-0 8. 0-0 Re8 9. Ne5 Nxe5 10. Bxe5 Nd7 11. Bg3 Bf6 12. f4 Qb6 13. Rb1 cxd4 14. cxd4 Bxd4 15. Bxh7+ Kxh7 16. exd4 Qxd4+ 17. Bf2 Qxf4 18. Bxa7 Qh6 19. Rf3 Kg8 20. Be3 Qh5 21. Qb3 Nf6 22. Rbf1 Ng4 23. Bf4 e5 24. Bg3 Be6 25. h3 Nh6 26. a3 e4 27. Rf4 Nf5 28. Rxf5 Bxf5 29. Qxd5 Rad8 30. Qa5 Bg6 31. Qxh5 Bxh5 32. Nc4 Be2 33. Rc1 Rc8 0-1

[Event "Autumn on Petrograd Side"]
[Site "St Petersburg"]
[Date "2006.09.27"]
[Round "8"]
[White "Ananyeva, Taisia"]
[Black "Kuzmin, Yuri"]
[Result "0-1"]
[WhiteElo "1816"]
[BlackElo "2007"]
[PlyCount "162"]
[EventDate "2006.09.18"]
[EventType "swiss"]
[EventRounds "9"]
[EventCountry "RUS"]
[SourceTitle "EXT 2022"]
[Source "ChessBase"]
[SourceDate "2021.10.06"]
[SourceVersion "1"]
[SourceVersionDate "2021.10.06"]
[SourceQuality "1"]

1. e4 c6 2. d4 d5 3. exd5 cxd5 4. c4 Nf6 5. Nc3 g6 6. Nf3 Bg7 7. c5 Nc6 8. a3 Ne4 9. Bb5 Nxc3 10. bxc3 Qa5 11. Bxc6+ bxc6 12. Bd2 Ba6 13. c4 Qd8 14. 0-0 Bxc4 15. Re1 0-0 16. Ne5 Bxe5 17. Rxe5 Qd7 18. Qf3 f6 19. Re3 e5 20. Rae1 Rf7 21. Qg3 exd4 22. Re6 Rc8 23. Qh4 d3 24. Rd6 Qf5 25. Rde6 g5 26. Qh5 d4 27. R6e4 Qxc5 28. Qg4 Rd8 29. Bb4 Qd5 30. Re8+ Kg7 31. R1e5 Rxe8 32. Rxe8 Qd7 33. Qe4 c5 34. Bd2 Qb7 35. Qg4 Re7 36. Rxe7+ Qxe7 37. Kf1 Qe2+ 38. Qxe2 dxe2+ 39. Ke1 Kf7 40. Ba5 Ke6 41. Bd8 g4 42. Kd2 f5 43. Bg5 Kd5 44. Be7 d3 45. Bf6 Bb5 46. Bg7 Kc4 47. Bf6 a5 48. Bd8 a4 49. Be7 Bc6 50. g3 Kd4 51. Bf8 c4 52. Bb4 Ke4 53. Bc3 Kf3 54. Ke1 Kg2 55. Bb4 Kxh2 56. Bd2 Kh3 57. Bc3 f4 58. Be5 fxg3 59. fxg3 h5 60. Kf2 h4 61. gxh4 Kxh4 62. Bg3+ Kg5 63. Ke3 Kf5 64. Bh4 Be4 65. Be1 Bd5 66. Bg3 Bf7 67. Be1 Bg6 68. Bc3 Bh5 69. Be1 Ke5 70. Bc3+ Kd5 71. Bd4 Bg6 72. Bc3 Bf5 73. Be1 c3 74. Bxc3 Kc4 75. Bb4 Kb3 76. Kd2 g3 77. Bc5 g2 78. Bf2 Kxa3 79. Bd4 Kb3 80. Bc5 a3 81. Bd4 a2 0-1

[Event "Autumn on Petrograd Side"]
[Site "St Petersburg"]
[Date "2006.09.21"]
[Round "4"]
[White "Glazov, Anatoly"]
[Black "Kuzmin, Yuri"]
[Result "1-0"]
[WhiteElo "2011"]
[BlackElo "2007"]
[PlyCount "47"]
[EventDate "2006.09.18"]
[EventType "swiss"]
[EventRounds "9"]
[EventCountry "RUS"]
[SourceTitle "EXT 2022"]
[Source "ChessBase"]
[SourceDate "2021.10.06"]
[SourceVersion "1"]
[SourceVersionDate "2021.10.06"]
[SourceQuality "1"]

1. d4 d5 2. c4 c6 3. Nc3 Nf6 4. Nf3 e6 5. Bg5 Be7 6. e3 Nh5 7. Ne5 Bxg5 8. Qxh5 0-0 9. Bd3 g6 10. Qg4 f5 11. Qe2 Nd7 12. f4 Nxe5 13. dxe5 Bh4+ 14. g3 Be7 15. 0-0-0 dxc4 16. Bxc4 Qa5 17. g4 b5 18. Bb3 b4 19. Na4 Ba6 20. Bxe6+ Kg7 21. Qc2 Rad8 22. gxf5 gxf5 23. Rhg1+ Kh8 24. Qg2 1-0

[Event "St Petersburg White Nights op"]
[Site "St Petersburg"]
[Date "2006.06.28"]
[Round "6"]
[White "Kuzmin, Yuri"]
[Black "Nezbailo, Dmitry"]
[Result "1-0"]
[WhiteElo "2000"]
[BlackElo "2057"]
[PlyCount "147"]
[EventDate "2006.06.23"]
[EventType "swiss"]
[EventRounds "9"]
[EventCountry "RUS"]
[SourceTitle "CBM 112 Extra"]
[Source "ChessBase"]
[SourceDate "2006.07.14"]
[SourceVersion "1"]
[SourceVersionDate "2006.07.14"]
[SourceQuality "1"]

1. d4 Nf6 2. Nf3 g6 3. Bg5 Bg7 4. Nbd2 d5 5. e3 0-0 6. Ne5 Nfd7 7. Nxd7 Nxd7 8. f4 c6 9. c3 Qc7 10. Be2 f6 11. Bh4 e5 12. fxe5 fxe5 13. Bf2 Re8 14. 0-0 Nf8 15. Bg3 Qe7 16. dxe5 Bxe5 17. Bxe5 Qxe5 18. Rf3 Bf5 19. Qf1 Ne6 20. Bd3 Ng5 21. Rg3 Ne4 22. Nxe4 Bxe4 23. Bxe4 Qxe4 24. Rf3 Rf8 25. Qf2 Rxf3 26. gxf3 Qd3 27. Re1 Re8 28. Qe2 Qxe2 29. Rxe2 Kf7 30. Kf2 Kf6 31. b3 g5 32. h3 Kf5 33. Rc2 h5 34. c4 Ke5 35. cxd5 Kxd5 36. Rc4 c5 37. e4+ Kd6 38. b4 cxb4 39. Rxb4 b6 40. Rd4+ Ke6 41. Rd5 Kf6 42. Ke3 Rc8 43. Kd2 Rc4 44. Rd7 Ra4 45. Rd6+ Ke7 46. Rg6 Rxa2+ 47. Ke3 Ra3+ 48. Kf2 Ra5 49. Kg3 Kf7 50. Rh6 Kg7 51. Rxh5 Kg6 52. Rh8 Ra1 53. Ra8 a5 54. Ra6 Rb1 55. h4 gxh4+ 56. Kxh4 Kf6 57. f4 Rb4 58. Kg4 Rxe4 59. Rxb6+ Ke7 60. Kf5 Rb4 61. Ra6 a4 62. Ra7+ Kf8 63. Kg5 Kg8 64. f5 Kf8 65. Kg6 Ke8 66. Ra8+ Kd7 67. Kf7 Rf4 68. f6 Kd6 69. Ra6+ Kd7 70. Kf8 a3 71. f7 Rf3 72. Ra7+ Kd6 73. Ke8 Kc5 74. Rxa3 1-0

[Event "St Petersburg White Nights op"]
[Site "St Petersburg"]
[Date "2005.06.24"]
[Round "7"]
[White "Kuzmin, Yuri"]
[Black "Rodkin, Felix"]
[Result "1/2-1/2"]
[WhiteElo "1964"]
[BlackElo "2198"]
[PlyCount "67"]
[EventDate "2005.06.18"]
[EventType "swiss"]
[EventRounds "9"]
[EventCountry "RUS"]
[SourceTitle "CBM 106 Extra"]
[Source "ChessBase"]
[SourceDate "2005.07.01"]
[SourceVersion "1"]
[SourceVersionDate "2005.07.01"]
[SourceQuality "1"]

1. e4 e6 2. d4 d5 3. e5 c5 4. c3 Qb6 5. Nf3 Bd7 6. Be2 Bb5 7. c4 Bxc4 8. Bxc4 Qb4+ 9. Nbd2 dxc4 10. a3 Qa5 11. 0-0 Nc6 12. Nxc4 Qa6 13. Qb3 cxd4 14. Ng5 Nh6 15. Ne4 Nf5 16. g4 b5 17. Ncd6+ Nxd6 18. exd6 Rd8 19. Bf4 Na5 20. Qg3 Nb7 21. Rfd1 Nxd6 22. Nxd6+ Bxd6 23. Rxd4 Be7 24. Rxd8+ Bxd8 25. Bd6 h5 26. g5 Bxg5 27. Qxg5 Qxd6 28. Qxb5+ Qd7 29. Qb8+ Qd8 30. Qxa7 Qg5+ 31. Kh1 Qd5+ 32. Kg1 Qg5+ 33. Kh1 Qd5+ 34. Kg1 1/2-1/2

[Event "St Petersburg White Nights op"]
[Site "St Petersburg"]
[Date "2005.06.20"]
[Round "3"]
[White "Yankovsky, Roman"]
[Black "Kuzmin, Yuri"]
[Result "0-1"]
[WhiteElo "2161"]
[BlackElo "1964"]
[PlyCount "86"]
[EventDate "2005.06.18"]
[EventType "swiss"]
[EventRounds "9"]
[EventCountry "RUS"]
[SourceTitle "CBM 106 Extra"]
[Source "ChessBase"]
[SourceDate "2005.07.01"]
[SourceVersion "1"]
[SourceVersionDate "2005.07.01"]
[SourceQuality "1"]

1. e4 c5 2. Nc3 Nc6 3. Nge2 Nf6 4. d4 cxd4 5. Nxd4 e5 6. Ndb5 d6 7. Bg5 a6 8. Na3 b5 9. Nd5 Be7 10. Bxf6 Bxf6 11. c3 0-0 12. Be2 Bg5 13. Nc2 f5 14. exf5 Bxf5 15. Nce3 Be6 16. Bf3 Ra7 17. 0-0 Raf7 18. Be4 Ne7 19. Nxe7+ Qxe7 20. Nd5 Qa7 21. Qc2 Kh8 22. Rae1 Qc5 23. b4 Qa7 24. Qe2 Bh6 25. h3 Rc8 26. Qd3 Rcf8 27. Re2 Bf5 28. Bxf5 Rxf5 29. a4 Qb7 30. axb5 axb5 31. Qe4 Bg5 32. Nf6 Qc8 33. Nd5 Bd8 34. Qd3 Qb7 35. Rd1 Qa7 36. Ne3 R5f6 37. Qxb5 Bb6 38. Nd5 Bxf2+ 39. Kh1 R6f7 40. Qc4 Bg3 41. Re3 Qa2 42. Qb5 Qxd5 43. Qe2 Qa2 0-1

[Event "St Petersburg White Nights op"]
[Site "St Petersburg"]
[Date "2005.06.19"]
[Round "2"]
[White "Kuzmin, Yuri"]
[Black "Petrovichev, Nikolay"]
[Result "1/2-1/2"]
[WhiteElo "1964"]
[BlackElo "2210"]
[PlyCount "104"]
[EventDate "2005.06.18"]
[EventType "swiss"]
[EventRounds "9"]
[EventCountry "RUS"]
[SourceTitle "CBM 106 Extra"]
[Source "ChessBase"]
[SourceDate "2005.07.01"]
[SourceVersion "1"]
[SourceVersionDate "2005.07.01"]
[SourceQuality "1"]

1. d4 c5 2. d5 e5 3. e4 d6 4. c4 Be7 5. Nc3 Nf6 6. Bd3 0-0 7. Nge2 Ne8 8. 0-0 Bg5 9. f4 exf4 10. Nxf4 Nd7 11. b3 Ne5 12. Be2 g6 13. Nd3 Nxd3 14. Bxd3 Bxc1 15. Qxc1 Nf6 16. h3 Nd7 17. Qh6 Ne5 18. Bc2 f6 19. Rf2 Nf7 20. Qh4 Kg7 21. Raf1 Ne5 22. Ne2 a6 23. Nf4 b5 24. Qg3 Kh8 25. Nd3 Nxd3 26. Bxd3 bxc4 27. Bxc4 Qe7 28. Qc3 Kg7 29. Bd3 Bb7 30. b4 Rac8 31. bxc5 Rxc5 32. Qb2 Rf7 33. Qb6 a5 34. Qb2 Bc8 35. Kh1 Qe5 36. Qb6 Rc3 37. Rf3 a4 38. Qb4 Bd7 39. Kg1 h5 40. Bb1 Rxf3 41. Rxf3 g5 42. Qc3 Bb5 43. a3 Rb7 44. Bc2 Bd7 45. Qxe5 fxe5 46. Rc3 Bb5 47. Rc8 Kf6 48. Ra8 g4 49. hxg4 hxg4 50. Kf2 Kg5 51. Bxa4 Bxa4 52. Rxa4 Rb2+ 1/2-1/2